000
00296nam a22001217a 4500
082
_a
537.01 PUG'P
100
_a
PUGH, E. M,PUGH, E. W
_9
78675
245
_a
PRINCIPLES OF ELECTRICITY AND MANAGEMENT
250
_a
2ND ED
260
_a
LONDON
_b
ADDISON WESLEY
_c
1970
300
_a
498P
942
_c
BK
999
_c
583779
_d
583779